| 000 | 01005cad a22002295a 4500 | ||
|---|---|---|---|
| 001 | L151704 | ||
| 008 | 101202s20101201xxkd f s 000 0 eng d | ||
| 035 | _a(Sirsi) u151704 | ||
| 041 | 0 | _aeng | |
| 050 | 0 | 4 | _a346.4104342 $2 18 |
| 110 | 2 |
_aRoyal Institution of Chartered Surveyors _94900 |
|
| 245 | 0 | 0 |
_aRICS residential lettings survey Great Britain _bOctober 2010 _h[electronic resource] |
| 260 |
_aLondon _bRICS _c2010 |
||
| 490 | 0 |
_aRICS Residential Lettings Survey Great Britain _vOctober 2010 |
|
| 520 | _aFalling supply of new property to the rental market coupled with increased demand led to a rise in rents. Rental market remains buoyant. | ||
| 590 | _aKA | ||
| 650 | 2 | 4 | _aRICS RESIDENTIAL LETTINGS SURVEY GREAT BRITAIN |
| 651 | 4 |
_aGreat Britain _y1707- |
|
| 690 | _aPROPERTY-RESIDENTIAL PROPERTY-RESIDENTIAL PROPERTY MARKET | ||
| 856 | 4 | 0 |
_uhttps://www.rics.org/Global/Downloads/RICS_Residential_Lettings_Survey_October_2010.pdf _zView the item free of charge at www.rics.org |
| 942 | _n0 | ||
| 999 |
_c111552 _d111552 |
||